|
|
|
|
| LEADER |
00000cam a2200000 7i4500 |
| 001 |
0000083394 |
| 005 |
20190415.0 |
| 008 |
190328 |
| 020 |
|
|
|a 9781635498530
|
| 041 |
0 |
|
|a English
|
| 090 |
0 |
0 |
|a 651.3741
|b BEC
|
| 245 |
1 |
0 |
|a Becoming a personal assistant :
|b a complete career guide
|c edited by Peter Stone
|
| 260 |
|
|
|a New York :
|b Larsen & Keller Education ,
|c 2018
|
| 300 |
|
|
|a 256p. :
|b col.ill. ;
|c 26.5cm.
|
| 541 |
0 |
0 |
|c Purchased on 2018
|f PI 1239 PUI
|h RM437.25
|
| 650 |
|
0 |
|a Administrative assistants
|x Vocational guidance
|
| 650 |
|
0 |
|a Private secretaries
|x Vocational guidance
|
| 650 |
|
0 |
|a Secretaries
|x Vocational guidance
|
| 700 |
1 |
|
|a Stone, Peter
|
| 999 |
|
|
|a 0001561541
|b Book
|c Adult Collection
|e Cawangan Pontian
|
| 999 |
|
|
|a 0001561542
|b Book
|c REFERENCE
|e Cawangan Bandar Tenggara
|
| 999 |
|
|
|a 0001561543
|b Book
|c REFERENCE
|e Cawangan Bukit Gambir
|
| 999 |
|
|
|a 0001561544
|b Book
|c REFERENCE
|e Cawangan Taman Sri Lambak
|
| 999 |
|
|
|a 0001561546
|b Book
|c REFERENCE
|e Cawangan Kota Tinggi
|
| 999 |
|
|
|a 0001561547
|b Book
|c REFERENCE
|e Cawangan Segamat
|
| 999 |
|
|
|a 0001561548
|b Book
|c REFERENCE
|e Cawangan Tangkak
|
| 999 |
|
|
|a 0001561549
|b Book
|c REFERENCE
|e Cawangan Bandar Penawar
|
| 999 |
|
|
|a 0001561550
|b Book
|c Adult Collection
|e Cawangan Mersing
|
| 999 |
|
|
|a 0001561551
|b Book
|c REFERENCE
|e Cawangan Muar
|
| 999 |
|
|
|a 0001561552
|b Book
|c REFERENCE
|e Cawangan Tmn. Ungku Tun Aminah
|
| 999 |
|
|
|a 0001561652
|b Book
|c REFERENCE
|e Perbadanan Perpustakaan Awam Johor
|
| 999 |
|
|
|a 0001561653
|b Book
|c REFERENCE
|e Cawangan Urban Transformation Centre
|
| 999 |
|
|
|a 0001561654
|b Book
|c REFERENCE
|e Cawangan AEON Kulaijaya
|
| 999 |
|
|
|a 0001734754
|b Book
|c REFERENCE
|e Cawangan Sri Merlong
|